00867cam a22002411 4500001001300000003000400013005001700017008004100034010001700075035002000092040001800112042001200130050001800142100001700160245016100177260003000338300005700368490008800425500006600513650001200579650001700591999001700608g 01002193 DLC20260227111257.0920806s1879 gw a 000 0 ger  ag 01002193  a(OCoLC)26338787 aDLCcCStdDLC apremarc00aHD9030.4b.K81 aKremp, J. H.00aÜber den einfluss des Ernteausfalls auf die Getreidepreise Während der Jahre 1846-1875 in den hauptsächlichsten Ländern Europas,cvon J.H. Kremp ... aJena,bG. Fischer,c1879. aiv, [2], 162 p. incl. tables.bfold. diagrs.c24 cm.0 aSammlung nationalökonomischer und statistischer Abhandlungen ...v2. Bd., 2. Hft. aPub. also as the author's inauguarl dissertation, Jena, 1879. 0aPrices. 0aGrain trade. c23924d23924